000
00318nam a2200109Ia 4500
008
200302s9999 xx 000 0 und d
100
_a
Dr. Jasdeep Kaur
245
_a
Domestic Consumption Pattern in Urban Areas Retrospective and Prospective Analysis
260
_b
Madhav Books Pvt. Ltd.
260
_c
2017
300
_a
261
999
_c
6036
_d
6036